| 000 | 00683nam a2200193 a 4500 | ||
|---|---|---|---|
| 005 | 20210223123343.0 | ||
| 008 | 991125s1971 mx 000 0 spa u | ||
| 035 | _aUPN01000052090 | ||
| 049 | _aCG | ||
| 050 | 4 |
_aLB1043 _bM3.38 no.9 |
|
| 100 | 1 | _aSmith, Richard E. | |
| 245 | 1 | 3 |
_aEl retroproyector : _btécnicas de proyección y preparación de transparencias / _credactado por Richard E. Smith ; diseñado e il. por Marx Karl Winkler ; tr. Ramón Palazón. |
| 260 |
_aMéxico : _bPax-México, _c1971. |
||
| 300 |
_a93 p. : _bil. |
||
| 440 | 0 |
_aMateriales audiovisuales ; _v9 |
|
| 650 | 4 |
_aAPARATOS AUDIOVISUALES _9230 |
|
| 650 | 4 |
_aDIAPOSITIVAS - _xDISEÑO _914777 |
|
| 905 | _aLibro | ||
| 999 |
_c52090 _d52090 |
||